00663nam a22001697a 450000500170000001000130001702000140003003500110004403700160005508200070007110000710007824501090014924600780025826000410033627000930037730000230047020190917144545.0 aUR-10466 c300.00a- aU-9021 bDBAD/PUBa- aک aسا غر صد يقی (محمد عبد ا لر شيد صد يقی) aد ر و ا ز ہ (ا فسا نے ) cسا غر صد يقی (محمد عبد ا لر شيد صد يقی) bDarwazah (Afsane) Urdu)aby Sagher Siddiqui(Mohd. Abdul Rasheed Siddiqui) aMaharashtrbSagher Siddiquic2019 ء aBalwant Colony Cool Kher Road,Gandhi Nagar Post Office, bAkola e444004k09421755388l- a136 ص c22 Cm(Hb)